Central Library OPAC University of Rajshahi

The political works of Matthew Arnold / (Record no. 55505)

MARC details
000 -LEADER
fixed length control field 00712nam a2200217 a 4500
001 - CONTROL NUMBER
control field 55505
003 - CONTROL NUMBER IDENTIFIER
rucl marc code BD-RjUL
005 - DATE AND TIME OF LATEST TRANSACTION
control field 20211209080256.0
008 - FIXED-LENGTH DATA ELEMENTS--GENERAL INFORMATION
fixed length control field 161119r19611942enk||||| |||| 001 0 eng d
035 ## - SYSTEM CONTROL NUMBER
System control number (BD-RjUL)55628
040 ## - CATALOGING SOURCE
Original cataloging agency BD-RjUL
Language of cataloging eng
Transcribing agency BD-RjUL
Modifying agency BD-RjUL
041 ## - LANGUAGE CODE
Language code of text/sound track or separate title eng
082 ## - DEWEY DECIMAL CLASSIFICATION NUMBER
Edition number 23
Classification number 821.8
Author mark and year ARC 1961
100 ## - MAIN ENTRY--PERSONAL NAME
Personal name Arnold, Matthew
9 (RLIN) 165340
245 ## - TITLE STATEMENT
Title The political works of Matthew Arnold /
Statement of responsibility, etc. Matthew Arnold
260 ## - PUBLICATION, DISTRIBUTION, ETC. (IMPRINT)
Place of publication, distribution, etc. London :
Name of publisher, distributor, etc. OXFORD UNIVERSITY PRESS,
Date of publication, distribution, etc. 1942 [reprinted 1961].
300 ## - PHYSICAL DESCRIPTION
Pagination xxxii,509 p. ;
Size 22 cm.
500 ## - GENERAL NOTE
General note Includes index
650 ## - SUBJECT ADDED ENTRY--TOPICAL TERM
Topical term or geographic name as entry element Arnold, Matthew, -- 1822-1888.
Form subdivision Super, Robert Henry, -- 1914
General subdivision English literature -- 19th century
9 (RLIN) 165341
942 ## - ADDED ENTRY ELEMENTS (KOHA)
Source of classification or shelving scheme Dewey Decimal Classification
Koha item type Books
Holdings
Lost status Source of classification or shelving scheme Damaged status Not for loan Collection code Permanent Location Current Location Shelving location Date acquired Source of acquisition Cost, normal purchase price Total Checkouts Full call number Date last seen Copy number Koha item type
  Dewey Decimal Classification     Non-fiction Central Library, University of Rajshahi Central Library, University of Rajshahi   14/02/1963 Zeitlinger 16.00   821.8 ARC 1961 19/11/2016 C-2 Books
  Dewey Decimal Classification     Non-fiction Central Library, University of Rajshahi Central Library, University of Rajshahi   10/03/2020       821.8 ARC 1961 10/03/2020 C-3 Books